000 00340nam a2200121Ia 4500
008 210430s9999 xx 000 0 und d
082 _a620.11 C426 T
100 _aShashi Chawla
_954440
245 2 _aA Textbook of Materials Science &Engineering
_cShashi Chawla
260 _aDelhi
_bGagan Kapur
_c2011
300 _a372 p
942 _cBK
_2ddc
999 _c565038
_d565038